000 00443nam a2200181Ia 4500
005 20250603145144.0
008 250603s9999 xx 000 0 und d
020 _a9780815386971
050 _aP 94.7 .S65/
100 _aSolomon, Denise
245 0 _aInterpersonal communication : putting theory into practice
250 _a2nd ed.
260 _aNew York
260 _bRoutledge
260 _c2022
650 _aNew York
942 _cBK
999 _c41041
_d41041